PFM (Record no. 118702)

MARC details
000 -LEADER
fixed length control field 00693cas a22002295a 4500
001 - CONTROL NUMBER
control field ##L99538
008 - FIXED-LENGTH DATA ELEMENTS--GENERAL INFORMATION
fixed length control field 070619c1991 xxkmr p 0 a0eng
022 1# - INTERNATIONAL STANDARD SERIAL NUMBER
International Standard Serial Number 0965-4739
035 ## - SYSTEM CONTROL NUMBER
System control number (Sirsi) u99538
041 0# - LANGUAGE CODE
Language code of text/sound track or separate title eng
245 00 - TITLE STATEMENT
Title PFM
Remainder of title Premises and Facilities Management
260 ## - PUBLICATION, DISTRIBUTION, ETC.
Place of publication, distribution, etc. Tonbridge
Name of publisher, distributor, etc. Industrial Media
Date of publication, distribution, etc. 1991-
510 2# - CITATION/REFERENCES NOTE
Name of source Knowledge Alert
Location within source 2006-
520 ## - SUMMARY, ETC.
Summary, etc. Kept for one year
554 ## -
-- 12 per year
651 #4 - SUBJECT ADDED ENTRY--GEOGRAPHIC NAME
Geographic name United Kingdom
Chronological subdivision
690 ## - LOCAL SUBJECT ADDED ENTRY--TOPICAL TERM (OCLC, RLIN)
Topical term or geographic name as entry element MANAGEMENT-FACILITIES MANAGEMENT
780 00 - PRECEDING ENTRY
Title Premises Management and Facilities Planning
856 48 - ELECTRONIC LOCATION AND ACCESS
Uniform Resource Identifier <a href="https://www.pfmonthenet.net/">https://www.pfmonthenet.net/</a>
Public note View the journal at www.pfmonthenet.net/...
942 ## - ADDED ENTRY ELEMENTS (KOHA)
Suppress in OPAC 0
948 ## - LOCAL PROCESSING INFORMATION (OCLC); SERIES PART DESIGNATOR (RLIN)
c (OCLC) 28/08/1998
Holdings
Withdrawn status Lost status Source of classification or shelving scheme Damaged status Not for loan Home library Current library Shelving location Date acquired Total Checkouts Full call number Barcode Date last seen Price effective from Koha item type
    Dewey Decimal Classification     London London Gallery 01/04/2005   PREMISES AND FACILITIES MANAGEMENT 99538-1001 06/08/2019 06/08/2019 Journal